| 000 | 00443cam a2200181ua 4500 | ||
|---|---|---|---|
| 020 | _c1.50 | ||
| 041 |
_amal _h |
||
| 082 |
_a894.8122 _bGOP/NI |
||
| 100 | _aGopalakrishnan, Adoor . | ||
| 245 |
_aNinte rajyam varunnu / _cAdoor Gopalakrishnan. _hTextual Documents |
||
| 250 |
_a1 / _b. |
||
| 260 |
_aThrissur : _bCurrent Books , _c1963. |
||
| 300 | _a102 ; . | ||
| 365 | _a1.50 | ||
| 504 | _a | ||
| 942 | _cBK | ||
| 999 |
_c6604 _d6604 |
||